000 00738nam a2200277Ia 4500
005 20260324115141.0
008 008 260324s9999 xx 000 0 eng d
020 _a9780429299537
037 _aEBOOK
040 _aCRL
040 _beng
040 _cCRL
041 _2eng
041 _aeng
084 _qCRL
100 _aSaraiva Okello
_91153556
245 0 _aImproved Hydrological Understanding of a Semi-Arid Subtropical Transboundary Basin Using Multiple Techniques - The Incomati River Basin
260 _bTaylor and Francis
260 _c2019
365 _a
365 _b580
856 _uhttp://www.taylorfrancis.com/books/9780429299537
942 _cEBOOK
999 _c1744226
_d1744226